Statistics for What country controlled modern day countries

Click here to take the quiz!

General Stats

  • This quiz has been taken 166 times
  • The average score is 152 of 196

Answers on the Map

Answers color-coded by a green-red scale on the quiz's map according to % correct below.
 

Answer Stats

Country% Correct
France
98%
United Kingdom
98%
British Malaya
97%
Spain
97%
Portugal
95%
Russia
95%
Japan
94%
German Reich
93%
Italy
93%
Denmark
84%
United States
84%
India
83%
Netherlands
83%
Belgium
82%
Ethiopia
66%
Ottoman Empire
66%
Soviet Union
66%
Austria-Hungary
62%
Brazil
62%
Pakistan
57%
Indonesia
56%
Yugoslavia
56%
Colombia
55%
Persia
53%
Serbia
53%
South Africa
48%
Czechoslovakia
42%
Qing
40%
Australia
39%
England
39%
Siam
30%
British Raj
25%
Central America
22%
Serbia and Montenegro
21%
New Zealand
17%
Dutch East Indies
16%
Papal States
15%
British Malaya
11%
Castile
11%
Iberian Union
11%
West Germany
11%
Nejd
9%
Tokugawa
7%
Abbysinia
6%
Denmark-Norway
6%
Sweden-Norway
6%
Sardinia
5%
West Francia
4%
Confederation of the Rhine
3%

Score Distribution

Percentile by Number Answered

Percent of People with Each Score

Your Score History

You have not taken this quiz